00367nam a2200121 i 450000100060000000300090000600700030001500800410001810000380005924500940009726000300019185200240022149215ES-MaACLt|030710s1882 sp ||||1| spa d1 aCortázar y Larrubia, Daniel de.10aClasificación y colorido en los mapas geológicos / cDaniel de Cortázar y Larrubia. aMadrid : bTello, c1882. aES-MaACLjT-515-F-5